Capitals with 4 Letters - Statistics

General Stats
  • This quiz has been taken 159 times
    150 since last reset
  • The average score is 12 of 14
Answer Stats
Answer % Correct
Baku(Azerbaijan)
92%
Lima(Peru)
92%
Rome(Italy)
90%
Lome(Togo)
87%
Oslo(Norway)
87%
Suva(Fiji)
86%
Bern(Switzerland)
85%
Apia(Samoa)
84%
Male(Maldives)
84%
Riga(Latvia)
84%
Juba(South Sudan)
83%
Dili(East Timor)
82%
Doha(Qatar)
82%
Kyiv(Ukraine)
78%
No matching quizzes found
Score Distribution
Percent of People with Each Score
Percentile by Number Answered
Your Score History
You have not taken this quiz since the last reset